UM Logo

Perception of teachers and parents on the use of mother tongue as a medium for instruction in grade 1-3/ (Record no. 3005)

MARC details
000 -LEADER
fixed length control field 00639nam a22001697a 4500
008 - FIXED-LENGTH DATA ELEMENTS--GENERAL INFORMATION
fixed length control field 160604b xxu||||| |||| 00| 0 eng d
082 ## - DEWEY DECIMAL CLASSIFICATION NUMBER
Edition number 2011
Classification number UT 0322
Item number M26
100 ## - MAIN ENTRY--PERSONAL NAME
9 (RLIN) 10038
Personal name Madrinan, Milded.
245 ## - TITLE STATEMENT
Title Perception of teachers and parents on the use of mother tongue as a medium for instruction in grade 1-3/
Statement of responsibility, etc. Mildred Madrinan [and three others].
260 ## - PUBLICATION, DISTRIBUTION, ETC. (IMPRINT)
Place of publication, distribution, etc. Digos City:
Name of publisher, distributor, etc. UMDC
Date of publication, distribution, etc. November 2011.
300 ## - PHYSICAL DESCRIPTION
Extent 25 pages;
Dimensions 27.5 cm.
650 #0 - SUBJECT ADDED ENTRY--TOPICAL TERM
9 (RLIN) 10036
Topical term or geographic name as entry element Elementary Education
General subdivision Undergraduate thesis.
700 ## - ADDED ENTRY--PERSONAL NAME
9 (RLIN) 10032
Personal name Bulanda, Maricar.
700 ## - ADDED ENTRY--PERSONAL NAME
9 (RLIN) 10034
Personal name Malanji, Hamina.
700 ## - ADDED ENTRY--PERSONAL NAME
9 (RLIN) 10035
Personal name Grajo, Ara Jane.
942 ## - ADDED ENTRY ELEMENTS (KOHA)
Source of classification or shelving scheme Dewey Decimal Classification
Koha item type Undergraduate Thesis
Holdings
Withdrawn status Lost status Source of classification or shelving scheme Damaged status Not for loan Collection code Home library Current library Date acquired Total Checkouts Full call number Barcode Date last seen Price effective from Koha item type
    Dewey Decimal Classification     Undergraduate Theses UM Digos College - LIC UM Digos College - LIC 06/04/2016   UT 0322 M26 2012 UT0322 06/04/2016 06/04/2016 Undergraduate Thesis